000 00667nam a2200229Ia 4500
003 GCL
008 140319s9999 xx 000 0 ara d
040 _aGCL /
_cGCL
082 0 4 _a170
_bن ق
100 1 _aتوفيق الطويل
245 1 0 _aقضايا من رحاب الفلسفة والعلم /
_cتوفيق الطويل
260 _a[S.N] :
_bدار النهضة العربية ،
_c1986
300 _a350 ص
490 _a
650 0 4 _aالعلم
650 0 4 _aالفلسفة
650 0 4 _aالاخلاق الاسلامية
650 0 4 _aالادب
650 0 4 _aالاخلاق
650 0 4 _aالحضارة الاسلامية
942 _2ddc
_cBK
999 _c36921
_d36921